| 000 | 00369nam a2200145 a 4500 | ||
|---|---|---|---|
| 001 | 3120 | ||
| 003 | CDMR | ||
| 005 | 20130116135240.0 | ||
| 008 | 130130s1993||||||||||||||||||||||||||||d | ||
| 040 |
_aCDMR _bcat _cCPC GIRONA |
||
| 100 | 1 |
_aCasasús, Josep Maria _9799 |
|
| 245 | 1 | 0 |
_aPeriodística catalana comparada _cCasasús, Josep M. |
| 260 |
_c1993 _bPòrtic |
||
| 942 | _cMON | ||
| 999 |
_c3120 _d3120 |
||